00418nam a2200157Ia 450000500170000000800410001702000150005808200210007310000170009424500470011126000410015830000170019965000100021665000140022665000200024020250117024320.0240331s9999 xx 000 0 und d a0195639146 bVIJ22675a305.3 aRamaswamy, V 0aDivinity & Deviance:bWomen in Virasaivism aDelhibOxford University Pressc1996 axxi, 137 p., aWomen aReligion  aReligious poems